Countries Without McDonalds - Statistics

General Stats
  • This quiz has been taken 46 times
    17 since last reset
  • The average score is 55 of 101
Answer Stats
Category Country % Correct
Never Iran
85%
Never North Korea
85%
Former Russia
85%
Never Albania
77%
Never Yemen
77%
Never Algeria
69%
Former Belarus
69%
Former Kazakhstan
69%
Never Niger
69%
Never Somalia
69%
Never South Sudan
69%
Never Sudan
69%
Never Syria
69%
Never Timor-Leste
69%
Never Afghanistan
62%
Never Bhutan
62%
Never Central African Republic
62%
Never Democratic Republic of the Congo
62%
Never Djibouti
62%
Never Ethiopia
62%
Never Ghana
62%
Former Iceland
62%
Never Laos
62%
Never Libya
62%
Former Montenegro
62%
Never Nauru
62%
Never Nigeria
62%
Former North Macedonia
62%
Never Palau
62%
Never Papua New Guinea
62%
Never Republic of the Congo
62%
Never Togo
62%
Never Tunisia
62%
Never Turkmenistan
62%
Never Uzbekistan
62%
Never Armenia
54%
Never Benin
54%
Former Bolivia
54%
Never Burkina Faso
54%
Never Cambodia
54%
Never Cameroon
54%
Never Chad
54%
Never Equatorial Guinea
54%
Never Federated States of Micronesia
54%
Never Gabon
54%
Never Guinea
54%
Never Guinea-Bissau
54%
Never Kosovo
54%
Never Kyrgyzstan
54%
Never Malawi
54%
Never Mali
54%
Never Myanmar
54%
Never Nepal
54%
Never Saint Kitts and Nevis
54%
Never Saint Lucia
54%
Never Sao Tome and Principe
54%
Never Senegal
54%
Never Tajikistan
54%
Never Tonga
54%
Never Tuvalu
54%
Never Antigua and Barbuda
46%
Former Barbados
46%
Never Belize
46%
Never Burundi
46%
Never Cape Verde
46%
Never Dominica
46%
Never Eritrea
46%
Never Grenada
46%
Never Guyana
46%
Never Ivory Coast
46%
Never Kenya
46%
Never Kiribati
46%
Never Liberia
46%
Never Madagascar
46%
Never Maldives
46%
Never Mauritania
46%
Never Mongolia
46%
Never Mozambique
46%
Never Namibia
46%
Never Rwanda
46%
Never Saint Vincent and the Grenadines
46%
Former San Marino
46%
Never Seychelles
46%
Never Solomon Islands
46%
Never Tanzania
46%
Never The Gambia
46%
Never Uganda
46%
Never Vanuatu
46%
Never Zambia
46%
Never Zimbabwe
46%
Never Angola
38%
Never Bangladesh
38%
Former Bosnia and Herzegovina
38%
Never Comoros
38%
Never Eswatini
38%
Never Haiti
38%
Former Jamaica
38%
Never Marshall Islands
38%
Never Sierra Leone
38%
Never Vatican City
38%
Never Botswana
31%
No matching quizzes found
Score Distribution
Percent of People with Each Score
Percentile by Number Answered
Your Score History
You have not taken this quiz since the last reset